Architectural technology (Record no. 163660)
[ view plain ]
| 000 -LEADER | |
|---|---|
| fixed length control field | 01572nam a2200373 a 4500 |
| 082 04 - DEWEY DECIMAL CLASSIFICATION NUMBER | |
| Classification number | 720.72 |
| 245 00 - TITLE STATEMENT | |
| Title | Architectural technology |
| 260 ## - PUBLICATION, DISTRIBUTION, ETC. (IMPRINT) | |
| Place of publication | Chichester, West Sussex : |
| Name of publisher | Wiley Blackwell, |
| Year of publication | c2013. |
| 300 ## - PHYSICAL DESCRIPTION | |
| Number of Pages | 1 online resource (xvi, 249 p.) |
| 650 #0 - SUBJECT ADDED ENTRY--TOPICAL TERM | |
| Topical Term | Architecture and technology. |
| Topical Term | Architecture |
| Topical Term | Architecture |
| 700 1# - ADDED ENTRY--PERSONAL NAME | |
| Personal name | Emmitt, Stephen. |
| 856 40 - ELECTRONIC LOCATION AND ACCESS | |
| Uniform Resource Identifier | http://site.ebrary.com/lib/rucke/Doc?id=10674793 |
| 588 ## - | |
| -- | Description based on online resource; title from title page (ebrary, viewed April 13, 2013). |
No items available.
